[Event "Tilburg Fontys"]
[Site "Tilburg"]
[Date "1996.10.12"]
[Round "2"]
[White "Karpov, Anatoly"]
[Black "Lautier, Joel"]
[Result "1-0"]
[WhiteElo "2775"]
[BlackElo "2620"]
[Annotator "Lutz,C"]
[PlyCount "81"]
[EventDate "1996.10.11"]
[EventType "tourn"]
[EventRounds "11"]
[EventCountry "NED"]
[EventCategory "16"]
[SourceTitle "CBM 056"]
[Source "ChessBase"]
[SourceDate "1997.02.01"]
[SourceVersion "1"]
[SourceVersionDate "1997.02.01"]
[SourceQuality "1"]

1. d4 Nf6 2. c4 e6 3. Nf3 d5 4. Nc3 dxc4 5. Qa4+ c6 6. Qxc4 b5 7. Qd3 Nbd7 8.
a3 $5 (8. Bg5 Bb7 9. e3 a6 10. Be2 c5 11. O-O Be7 12. Rfd1 O-O 13. dxc5 Nxc5
14. Qd4 Qxd4 15. Rxd4 Rfd8 16. Rad1 h6 17. Rxd8+ Rxd8 18. Bf4 Rxd1+ 19. Nxd1
Nd5 20. Bb8 Nb4 {1/2-1/2 Karpov,A-Timman,J/FIDE-Wch 1993}) 8... b4 9. axb4 Bxb4
10. e4 (10. g3 $5 a5 11. Bg2 Ba6 12. Qc2 c5 13. O-O Rc8 14. Rd1 {/\ d4-d5} Bb7
15. dxc5 Qe7 16. Na4 O-O 17. Bd2 $14 {>< a5; 0-1 Kaunas,K-Grabliauskas,V/
LTU-ch Vilnius 1994 (92)}) 10... a5 (10... Bb7 $5 11. e5 Nd5 12. Be2 c5 13. O-O
h6 14. Nb5 cxd4 15. Qxd4 Qb6 16. Qg4 g6 17. Nd6+ Bxd6 18. exd6 Qxd6 19. Rxa7
Rxa7 20. Qd4 h5 21. Qxa7 Qb6 22. Qa4 Ke7 23. Bb5 Ra8 24. Qh4+ Ke8 25. Bxd7+
Kxd7 26. Qg5 $40 {1/2-1/2 Kortschnoj,V-Novikov,I/Antwerp op 1995 (49)}) 11. e5
Nd5 12. Bd2 Ba6 13. Qe4 Bxf1 14. Kxf1 Ne7 (14... h6 15. Qg4) 15. g3 c5 $6 (
15... h6 $5 {/\ ...0-0}) 16. d5 $1 $14 exd5 (16... Bxc3 17. dxe6 fxe6 (17...
Bxd2 18. exd7+ $16) 18. Bxc3 $16 {[%csl Ra5,Rc5,Re6] >< a5, c5, e6}) 17. Nxd5
Nxd5 18. Qxd5 O-O 19. Bg5 Qc8 20. Kg2 Nb6 21. Qe4 Qe6 22. Rhd1 f6 23. Bd2 Bxd2
$6 (23... Rad8 $5 $14) (23... fxe5 $5 $14) 24. Rxd2 Rae8 25. Rc2 Nd7 26. Rxa5
Qb6 (26... fxe5 27. Ng5 Qf5 28. Qxf5 Rxf5 29. Ne4 $16) 27. Qd5+ Kh8 28. exf6 $1
Qxf6 (28... Qxa5 29. fxg7+ Kxg7 30. Qxd7+ $18 {/\ Ng5}) 29. Ra3 $18 Ne5 30. Re3
Nxf3 31. Rxf3 Qxf3+ 32. Qxf3 Rxf3 33. Kxf3 Rc8 34. Ke4 Kg8 35. Kd5 Rb8 36. Re2
Rc8 37. f4 Kf7 38. b3 Kf6 39. Kc4 g5 40. fxg5+ Kxg5 41. Re5+ 1-0

[Event "Rishon Le Ziyyon"]
[Site "Rishon Le Ziyyon"]
[Date "1996.??.??"]
[Round "1"]
[White "Manor, Ilan"]
[Black "Polgar, Sofia"]
[Result "1-0"]
[WhiteElo "2510"]
[BlackElo "2495"]
[Annotator "Lutz,C"]
[PlyCount "65"]
[EventDate "1996.02.??"]
[EventType "tourn"]
[EventRounds "9"]
[EventCountry "ISR"]
[EventCategory "13"]
[SourceTitle "CBM 053"]
[Source "ChessBase"]
[SourceDate "1996.08.01"]
[SourceVersion "1"]
[SourceVersionDate "1996.08.01"]
[SourceQuality "1"]

1. d4 d5 2. c4 c6 3. Nf3 Nf6 4. Nc3 e6 5. Bg5 h6 6. Bxf6 Qxf6 7. e3 Nd7 8. Be2
$5 (8. Bd3) (8. a3) 8... g6 9. O-O Bg7 $6 (9... dxc4 $5) 10. cxd5 exd5 11. b4
Qd6 12. Qb3 {Normalerweise verspricht der Minoritätsangriff in diesem
Stellungstyp wenig, aber hier hat Weiß eine gute Version erreicht (er hat kein
Tempo für a2-a3 verschwendet, auf e2 verstellt der B nicht die d-Linie). Weiß
hat leichten Vorteil, daher hätte die Nachziehende 9...dc4 10.Bc4 mit Übergang
in die Normalvarianten wählen sollen.} O-O 13. b5 Nb6 14. Rac1 Bf5 $2 {Nun
geht es rapide abwärts geht. 14...c5!? erscheint mir wie die letzte
Möglichkeit zum Absprung :} (14... c5 $5 15. dxc5 Qxc5 16. Rfd1 (16. Na4 Qd6
17. Nxb6 axb6 $132 {[%cal Ga8a2] <-> a}) 16... Be6 17. Nd4 (17. Na4 Qe7 18. Nc5
Rac8 19. Nxe6 Qxe6 $132) 17... Bxd4 18. Rxd4 Rac8 $132 {[%cal Gc8c1] Derartige
Strukturen werden häufig zu positiv für Weiß eingeschätzt. Zwar hat Schwarz
den Isolani d5, aber Weiß hat (infolge von b4-b5) Schwächen auf der c-Line.})
15. a4 Nd7 16. a5 Rab8 17. Qa2 Rfc8 18. a6 $1 Nf6 19. axb7 Rxb7 20. bxc6 Rxc6
21. Ne5 $16 {[%csl Ra7,Rd5] >< d5, a7 >< d5, a7} Rcb6 22. Na4 Rb4 23. Nc6 a5
24. Nxb4 axb4 25. Nc5 Rb6 26. Qb3 h5 27. Ra1 Bg4 28. Ra8+ Kh7 29. Bxg4 Nxg4 30.
g3 h4 31. Ra7 h3 32. Rd7 Qf6 33. Qxd5 1-0

[Event "Evry 1st"]
[Site "Evry"]
[Date "2001.03.15"]
[Round "1"]
[White "Shchekachev, Andrei"]
[Black "Velikov, Petar"]
[Result "1/2-1/2"]
[WhiteElo "2537"]
[BlackElo "2461"]
[Annotator "Lutz,C"]
[PlyCount "140"]
[EventDate "2001.03.??"]
[EventType "tourn"]
[EventRounds "9"]
[EventCountry "FRA"]
[EventCategory "8"]
[SourceTitle "CBM 083"]
[Source "ChessBase"]
[SourceDate "2001.07.05"]
[SourceVersion "1"]
[SourceVersionDate "2001.07.05"]
[SourceQuality "1"]

1. d4 d5 2. Nf3 Nf6 3. c4 c6 4. Nc3 e6 5. Bg5 h6 6. Bh4 dxc4 7. e4 g5 8. Bg3 b5
9. Be2 b4 $6 {Dieser Zug gilt als zweifelhaft. Zwar kann Schwarz den Pe4
gewinnen, aber die Schwächen am Damenflügel wiegen schwerer.} 10. Na4 Nxe4 11.
Be5 Nf6 12. Nc5 $1 $36 {Dieser Zug von Kramnik stellt eine wichtige Feinheit
dar. Weiß kann nun seinen Läufer auf e5 festigen und erhält dauerhafte
Initaitive.} (12. Bxc4 Nbd7 {ist weit weniger überzeugend.}) 12... Bg7 (12...
Nbd7 $5 13. Nxd7 Bxd7 14. Bxc4 Be7 15. Qc2 Qb6 16. Nd2 O-O 17. h4 g4 18. O-O-O
Rad8 19. Ne4 Nd5 20. Qd2 Kh7 21. Ng5+ Kg8 22. Nxe6 Bxe6 23. Qxh6 f6 24. Qg6+
Kh8 25. Qh6+ Kg8 {1/2-1/2 Drogun,A-Ganin,M/Alushta 1999/EXT 2001 (25)}) 13.
Bxc4 Nbd7 (13... O-O $6 14. Qc2 Nbd7 15. h4 $16 {1-0 Sakaev,K-Kobalija,M/St
Petersburg 1998/CBM 67/[Lutz] (25)}) 14. Nxd7 Qxd7 15. Qc2 a5 16. Qe2 Qa7 17.
Nd2 Ba6 18. Rc1 {Weiß kann nun Druck auf der c-Linie entfalten, während
Schwarz immer noch Probleme mit seinem König hat.} (18. Qf3 Ke7 {schlägt noch
nicht durch, daher verstärkt Weiß einfach seinen Druck.}) 18... Kf8 (18... O-O
19. h4 $40) 19. O-O Nd7 20. Bd6+ Kg8 21. Nb3 Bxc4 22. Rxc4 Qa6 23. Qc2 Qb5 24.
Rxc6 a4 25. Nd2 Bxd4 26. Rc4 Be5 27. Rxb4 {Weiß hat den Bauern nun
zurückgewonnen, aber das Problem des schwarzen Königs bleibt.} Qd5 28. Bxe5
Nxe5 29. Ne4 Kg7 30. Rd1 Qa5 31. a3 Rhd8 32. Nd6 Rab8 33. Rxa4 Qb6 34. Rb4 Qa5
35. h3 Rxb4 36. axb4 Qb6 (36... Qxb4 $2 37. Nf5+) 37. Qc5 $16 Qxc5 38. bxc5 Rb8
39. Rd2 Kf6 40. Rc2 Nc6 41. Nc4 Rb5 42. Nd6 Rb8 43. Rd2 Ra8 44. Rd3 Ra1+ 45.
Kh2 Ke7 46. Rb3 Nd8 47. Rb6 Rc1 48. Nb7 $18 Rc2 49. f3 h5 50. b4 h4 51. b5 Nxb7
52. Rxb7+ Kd8 53. Rxf7 Rxc5 54. b6 Kc8 55. f4 gxf4 56. Rxf4 Rh5 57. Kg1 (57.
Rf7 $18) 57... Kb7 58. Rb4 Rh7 59. Kf2 Rf7+ 60. Ke3 Rg7 61. Kf3 Rh7 62. Kf4 Rg7
63. Kf3 Rh7 64. Rb5 (64. g3 hxg3 65. Kxg3 $18) 64... Rh8 65. Kg4 Rh7 66. Rb4
Rg7+ 67. Kxh4 Rxg2 68. Kh5 e5 69. h4 Re2 70. Kg4 e4 1/2-1/2

[Event "FIDE World Cup KO"]
[Site "Shenyang"]
[Date "2000.09.08"]
[Round "1.3"]
[White "Azmaiparashvili, Zurab"]
[Black "Bareev, Evgeny"]
[Result "0-1"]
[WhiteElo "2673"]
[BlackElo "2702"]
[Annotator "Lutz,C"]
[PlyCount "115"]
[EventDate "2000.09.07"]
[EventType "k.o."]
[EventRounds "4"]
[EventCountry "CHN"]
[SourceTitle "CBM 079"]
[Source "ChessBase"]
[SourceDate "2000.11.21"]
[SourceVersion "1"]
[SourceVersionDate "2000.11.21"]
[SourceQuality "1"]

1. d4 Nf6 2. Nf3 d5 3. c4 c6 4. Nc3 e6 5. Bg5 h6 6. Bxf6 Qxf6 7. e3 Nd7 8. Bd3
dxc4 9. Bxc4 g6 10. O-O Bg7 11. b4 {Generell ist der Aufmarsch der
Damenflügelbauern am Damenflügel zu harmlos, um die flexible schwarze Stellung
ernsthaft zu erschüttern. Schwarz darf nur nicht den Fehler machen, zu früh ...
e6-e5 zu spielen.} O-O 12. a4 Qe7 13. Qb3 (13. Rb1 a5 14. bxa5 Rxa5 15. Qc2 b6
16. e4 c5 17. d5 Bxc3 18. Qxc3 Rxa4 19. Qc2 Ra7 20. Qd2 $44 {1/2-1/2 Beliavsky,
A-Gelfand,B/Belgrade 1995/CBM 51/[Hecht] (69)}) 13... Rd8 $5 {Ein flexibler
Zug, der noch nicht die Karten offenlegt. Scwarz plant ...Nb6-d5.} 14. Rfd1 (
14. a5 Nf6 $5 15. Na4 Bd7 16. b5 cxb5 17. Bxb5 Ne4 $5 18. Rfc1 Rac8 19. Bd3 Nd6
20. Nc3 Bc6 21. Be2 e5 $5 22. Nxe5 Bxe5 23. dxe5 Qxe5 $11 {0-1 Rausis,
I-Gurevich,M/Vlissingen 1999/EXT 2000/[Gurevich,M] (79)}) 14... Nb6 15. Be2 Nd5
16. Nxd5 cxd5 $11 {Schwarz hat problemlos ausgeglichen.} 17. Rac1 Qd6 18. Ne1
Bd7 19. Nd3 b6 20. Nf4 $2 {Ein Fehlgriff, nachdem Schwarz die Initiative
erringt.} (20. Rc2 Rac8 21. Rdc1 $11) 20... Bf8 21. Rb1 Rac8 22. Ba6 Rc7 23.
Nd3 Bc8 24. b5 Bxa6 25. bxa6 Rdc8 $17 26. Qb5 Rc4 27. g3 Qc7 28. Ne5 Rc2 29. a5
bxa5 30. Qa4 Bb4 31. Nd3 Qc6 32. Ra1 Qxa4 33. Rxa4 Rd2 34. Rxd2 Bxd2 35. Kf1
Rc6 36. Ke2 Bc3 37. Ra3 Bb4 38. Ra2 g5 39. Kd1 Kf8 40. Ra4 Rc3 41. Nxb4 axb4
42. Rxb4 Ra3 43. Rb8+ Kg7 44. g4 Rxa6 45. Ke2 Ra1 46. Kf3 a5 47. Ra8 a4 48. h3
a3 49. Kg2 a2 50. Kh2 f6 51. Ra7+ Kf8 52. Kg2 Ke8 53. Kf3 e5 54. Ra5 exd4 55.
exd4 Ke7 56. Ke2 Kd6 57. Kf3 Kc6 58. Ke2 0-1

[Event "Moscow Aeroflot op"]
[Site "Moscow"]
[Date "2002.02.08"]
[Round "6"]
[White "Gershon, Alik"]
[Black "Shinkevich, Vitaly"]
[Result "1-0"]
[WhiteElo "2558"]
[BlackElo "2480"]
[Annotator "Lutz,C"]
[PlyCount "47"]
[EventDate "2002.02.04"]
[EventType "swiss"]
[EventRounds "9"]
[EventCountry "RUS"]
[SourceTitle "CBM 088"]
[Source "ChessBase"]
[SourceDate "2002.03.21"]
[SourceVersion "1"]
[SourceVersionDate "2002.03.21"]
[SourceQuality "1"]

1. d4 d5 2. c4 c6 3. Nf3 Nf6 4. Nc3 e6 5. Bg5 h6 6. Bh4 dxc4 7. e4 g5 8. Bg3 b5
9. Be2 Bb7 10. e5 Nh5 $5 (10... Nd5 {ist möglicherweise der solidere Zug.} 11.
h4 Qa5 12. Rc1 Bb4 (12... g4 13. Nd2 c5 14. Nce4 cxd4 15. O-O h5 16. a4 a6 17.
b4 Qd8 18. Bxc4 bxc4 19. Nxc4 Nc3 20. Nxc3 dxc3 21. Nd6+ Bxd6 22. exd6 Qf6 23.
Qd3 O-O 24. Rxc3 Bd5 {1/2-1/2 Kasparov,G-Tal,M/Moscow 1982/IZT (24)}) 13. hxg5
Qxa2 14. Rxh6 Rg8 15. Kf1 Qxb2 16. Nxd5 cxd5 17. Rb1 Qa3 18. g6 fxg6 19. Ng5
Bc8 20. Bg4 Na6 21. Nxe6 Qd3+ 22. Qxd3 cxd3 23. Rh7 Rb8 24. Rxa7 Be7 25. Rxa6
Bxa6 26. Nc7+ Kd8 27. Nxa6 $18 {1-0 Ernst,S-Fontaine,R/Groningen 1997/CBM 62
ext (48)}) 11. Nxg5 $1 {Dieses Opfer erfolgt analog zur sensationellen Partie
Kramnik-Anand (Belgrad 1997), allerdings ohne den Einschub 11.a4 a6. Anand
wies darauf hin, dass ohne den Einschub dieses Zugpaares Schwarz über das
Manöver ...Na6-c7 verfügt, aber wie die vorliegende Partie zeigt, ist dieser
Umstand vermutlich nicht so relevant. Auf jeden Fall ist der weiße Angriff
äußerst gefährlich, vielleicht sollte Schwarz daher 10...Nd5 bevorzugen.} (11.
a4 a6 (11... b4 $5) 12. Nxg5 $1 Nxg3 13. Nxf7 Kxf7 14. fxg3 Kg8 15. Bg4 Qe7 16.
O-O Nd7 17. Ne4 $40 {Kramnik,V-Anand,V/Belgrade 1997/[Lutz]}) (11. Ne4 Bb4+ 12.
Kf1 Nd7 13. Nfxg5 Ng7 14. Nh3 Nf5 15. Bg4 Nxg3+ 16. hxg3 Rf8 17. Nf4 Qb6 18.
Bxe6 O-O-O 19. Bxd7+ Rxd7 20. Qg4 $13 {1-0 Relange,E-Buturin,V/Ubeda 1997/CBM
56 ext (35)}) (11. O-O Nd7 12. a4 a6 13. Kh1 Ng7 14. Ne4 Nf5 15. Nfd2 Qb6 16.
Bh5 Qxd4 17. Qg4 $13 {Ftacnik,L. 1-0 Piket,J-Dreev,A/Groningen 1991/CBM 27/
[Ftacnik] (26)}) 11... Nxg3 12. Nxf7 Kxf7 13. fxg3 {Weiß hat nur einen Bauern,
aber der schwarze König steht völlig entblößt.} Kg8 14. O-O Na6 $2 {Dies ist
der Unterschied im Vergleich zu Kramnik-Anand, dieser Zug wurde auch von Anand
angegeben. Der Springer kann nach c7, um den Pe6 zu decken. Allerdings hätte
Schwarz doch besser 14...Nd7 gespielt, denn nun ist das Feld f6 schwach.} (
14... c5 $6 15. Qc2 Bg7 16. Qg6 $18) (14... Nd7 $5 {sieht wie der kritische
Zug aus.} 15. Bxc4 bxc4 16. Qg4+ Bg7 17. Qxe6+ Kh7 18. Qf5+ {gibt Weiß
Dauerschach, aber nicht mehr.}) 15. Ne4 Bg7 (15... c5 16. Bxc4 $1 Rh7 (16...
Bxe4 17. Qg4+ Qg5 18. Bxe6+ Kh7 19. Qxe4+ Qg6 20. Bf5 $18) 17. Nf6+ Kh8 18.
Nxh7 Kxh7 19. Rf7+ Kh8 20. Bxe6 $18) 16. Bh5 $18 {Ich sehe keine Verteidgung
mehr für Schwarz.} Rh7 (16... c5 17. Nf6+ Bxf6 18. Qg4+ Kf8 (18... Bg7 19.
Qxe6+ Kh7 20. Bg6#) 19. Rxf6+ $18) (16... Qe7 17. Qg4 {/\ Nf6}) 17. Bg6 Qd5 18.
Bxh7+ Kxh7 19. Nf6+ Bxf6 20. Qc2+ Kg8 21. Rxf6 Qxd4+ 22. Kh1 Qd3 23. Qf2 Rd8
24. Rf1 {Die schwarzen Leichtfiguren sind nur Zuschauer. Es gibt keine
Verteidigung mehr.} 1-0

[Event "RUS-ch"]
[Site "Elista"]
[Date "1996.??.??"]
[Round "3"]
[White "Pigusov, Evgeny"]
[Black "Sveshnikov, Evgeny"]
[Result "1/2-1/2"]
[WhiteElo "2570"]
[BlackElo "2535"]
[Annotator "Lutz,C"]
[PlyCount "47"]
[EventDate "1996.10.15"]
[EventType "swiss"]
[EventRounds "11"]
[EventCountry "RUS"]
[SourceTitle "CBM 056"]
[Source "ChessBase"]
[SourceDate "1997.02.01"]
[SourceVersion "1"]
[SourceVersionDate "1997.02.01"]
[SourceQuality "1"]

1. c4 Nf6 2. Nf3 e6 3. d4 d5 4. Nc3 c6 5. Bg5 h6 6. Bxf6 Qxf6 7. e3 Bd6 8. Bd3
Qe7 9. O-O Nd7 {Sveshnikovs Spezialsystem in der Moskauer Variante. Meines
Erachtens steht Schwarz einfach passiv.} 10. c5 Bc7 11. e4 dxe4 12. Nxe4 O-O
13. Re1 Rd8 14. Qc2 Nf8 15. Ned2 Nd7 $5 (15... Bd7 16. Nc4 Be8 17. Rad1 f6 18.
Qc3 $14 {0-1 Bareev,E-Granda Zuniga,J/Groningen PCA 1993 (31)}) 16. Ne4 (16.
Nc4 $5) 16... Nf8 17. a3 Bd7 18. g3 (18. b4 Be8 19. g3 Nd7 20. Bf1 Nf8 21. Qb2
f6 22. Re3 Bf7 23. Ned2 Qd7 24. Rae1 Rab8 25. Qc3 Re8 26. a4 Rbd8 27. b5 Re7
28. Qb4 g5 29. Ne4 Nh7 30. b6 Bb8 31. bxa7 Bxa7 32. Nd6 Bb8 33. Nf5 $1 $18 Ree8
34. Nxh6+ Kg7 35. Nxf7 Kxf7 36. Bc4 Nf8 37. Re4 f5 38. Nxg5+ Kf6 39. Rxe6+ Nxe6
40. Nxe6 Qe7 41. Qc3 Rd5 42. Bxd5 cxd5 43. Qe3 {1-0 Ruban,V-Sveshnikov,E/Anapa
1991 Diese Partie war eine ziemlich einseitige Angelegenheit.}) 18... Be8 19.
b4 f6 20. Ned2 Kh8 21. Re3 Qd7 22. Rae1 Bh5 23. Bc4 Re8 24. Qb3 $14 {Weiß kann
ohne Risiko seine Stellung verstärken, da die beiden schwarzen Befreiungszüge .
..c6-c5 als auch ...e6-e5 verhindert sind.} 1/2-1/2

[Event "Pune"]
[Site "Pune"]
[Date "2004.09.03"]
[Round "1"]
[White "Beliavsky, Alexander G"]
[Black "Sandipan, Chanda"]
[Result "0-1"]
[WhiteElo "2679"]
[BlackElo "2555"]
[Annotator "Lutz,C"]
[PlyCount "126"]
[EventDate "2004.09.03"]
[EventType "tourn"]
[EventRounds "9"]
[EventCountry "IND"]
[EventCategory "16"]
[SourceTitle "CBM 104"]
[Source "ChessBase"]
[SourceDate "2005.01.27"]
[SourceVersion "1"]
[SourceVersionDate "2005.01.27"]
[SourceQuality "1"]

1. d4 d5 2. c4 c6 3. Nf3 Nf6 4. Nc3 e6 5. Bg5 h6 6. Bh4 dxc4 7. e4 g5 8. Bg3 b5
9. Be2 Bb7 10. h4 g4 11. Ne5 h5 12. O-O Bg7 $5 {Dieser Zug wird deutlich
seltener gespielt als 12...Nbd7 und ist wohl auch objektiv schlechter.} (12...
Nbd7 {1/2-1/2 Avrukh,B-Novikov,I/Mallorca 2004/CBM 104/[Lutz] (40)}) 13. Qc2
$146 {Dieser Zug ist eine Neuerung. Bislang war Weiß erfolgreich mit dem
direkten 13.f3.} (13. f3 O-O (13... Nbd7 14. Nxd7 Qxd7 15. Be5 Rg8 16. b3 gxf3
17. Bxf3 Ng4 18. Bxg4 hxg4 19. Bxg7 Rxg7 20. bxc4 Rd8 21. cxb5 cxb5 22. d5 exd5
23. Qd4 $40 {1-0 Chytilek,R-Volodin,V/Olomouc 2001/EXT 2002 (49)}) 14. fxg4
hxg4 15. Bxg4 $40 {1/2-1/2 Khalifman,A-Morovic Fernandez,I/Tallinn/ Parnu 1998/
CBM 66/[Lutz] (30)}) 13... Qxd4 {Nutzt den Nachteil des letzten weißen Zuges
aus, aber Weiß erhält nun eine kräftige Initative.} 14. Rad1 Qc5 15. Ng6 $1
fxg6 16. Bd6 Qb6 17. e5 Kf7 18. exf6 Bxf6 19. Ne4 Nd7 20. Qc1 c5 21. Nxf6 Nxf6
22. Qf4 Bd5 23. Be5 Qd8 {Weiß hat natürlich starken Druck auf den schwarzen
Feldern, aber noch hat er drei Bauern weniger.} 24. b3 Qe7 25. bxc4 bxc4 26. f3
g3 27. Qxg3 Rad8 28. Rc1 Kg7 29. Bd1 (29. Qg5 $5 Rhf8 30. Bxc4 $44) 29... Rhg8
30. Qf4 Rdf8 31. Bd6 Nd7 32. Qxf8+ $2 {Jetzt nimmt die Partie eine Kehrtwende.
Weiß sollte die Damen auf dem Brett lassen, da im Endspiel der unscheinbare
c-Doppelbauer an Bedeutung gewinnt und Schwarz seinen König aktivieren kann.} (
32. Qg3 Qf7 33. Bxf8+ Rxf8 34. Bc2 $40) 32... Kxf8 $13 33. Bxe7+ Kxe7 34. Re1
Kd6 35. Re3 Ne5 36. Be2 $2 (36. Rb1) 36... Rb8 $17 37. Rc2 (37. f4 Nd3 38. Bxd3
cxd3 39. Rxd3 Rb2) 37... Rb4 38. Ra3 Nc6 39. Bf1 Rb1 40. Rd2 $2 Rc1 41. Kf2 c3
42. Rd3 c2 43. Rac3 Nb4 $19 44. Rd2 Ra1 45. Rcxc2 Nxc2 46. Rxc2 Bxa2 47. Rd2+
Kc6 48. Bd3 Bb1 49. Bc4 Bf5 50. Re2 Kd6 51. Rd2+ Ke7 52. Be2 Ra4 53. g3 a5 54.
Rb2 c4 55. Ke3 c3 56. Rb7+ Kd6 57. Rb6+ Kc7 58. Rb3 c2 59. Rc3+ Kd6 60. Kd2 Ra1
61. g4 hxg4 62. fxg4 Be4 63. h5 g5 0-1